000 00925nam a2200241 a 4500
001 000004323
003 DO-SdBNP
005 20240527202356.0
008 090721s1989 dr d 000 0 spa d
040 _aDO-SdBNP
_bspa
_cBNPHU
082 _a330.97293
_bL789c
100 1 _aLizardo Espinal, Magdalena
_912751
245 1 0 _aCambios en la economía mundial y sus repercusiones sobre el sector externo dominicano :
_bestudios económico - sociales /
_cMagdalena Lizardo Espinal.
260 _aSanto Domingo :
_bFundación Friedrich Ebert,
_c1989.
300 _a106 p. :
_bdiagr. ;
_c24 cm.
504 _aBibliografia: p. 95-103
590 _aInventariado, 2018/ YL
650 4 _aEconomía
_xHistoria
_912752
_y1971-1990
650 0 _a Relaciones económicas internacionales
_91067
651 4 _aRepública Dominicana
_xCondiciones económicas
_xHistoria
_91210
910 _aValidado. Control de calidad MFF
942 _2ddc
_cLBS1
999 _c4132
_d4132